[Event "Rostock SSC 07 op 11th"]
[Site "Rostock"]
[Date "2012.08.01"]
[Round "2"]
[White "Szortyka, Krzysztof"]
[Black "Lueth, Christian"]
[Result "1-0"]
[WhiteElo "1721"]
[BlackElo "1433"]
[PlyCount "101"]
[EventDate "2012.08.01"]
[EventType "swiss"]
[EventRounds "7"]
[EventCountry "GER"]
[SourceTitle "EXT 2017"]
[Source "ChessBase"]
[SourceDate "2016.10.25"]
[SourceVersion "1"]
[SourceVersionDate "2016.10.25"]
[SourceQuality "1"]

1. e4 e6 2. d4 d5 3. exd5 exd5 4. Bd3 Nf6 5. Bg5 Be7 6. Nf3 Nc6 7. c3 0-0 8. 0-0 Bg4 9. Nbd2 Re8 10. Qc2 g6 11. Rfe1 Qd6 12. Ne5 Be6 13. Re2 Ng4 14. Bf4 Ngxe5 15. dxe5 Qd7 16. Nf3 d4 17. Rd1 Rad8 18. Bb5 Bf5 19. Qa4 d3 20. Red2 a6 21. Bxc6 Qxc6 22. Qxc6 bxc6 23. Ne1 Be6 24. b3 g5 25. Bg3 h5 26. f3 Bc5+ 27. Bf2 Bxf2+ 28. Kxf2 Bf5 29. Nxd3 Bxd3 30. Rxd3 Rxd3 31. Rxd3 Rxe5 32. Rd7 Re6 33. Rxc7 Kg7 34. Ra7 c5 35. Rc7 Rd6 36. Rxc5 Rd2+ 37. Kf1 Rxa2 38. Rxg5+ Kh6 39. Rc5 Ra1+ 40. Kf2 Ra2+ 41. Kg3 Ra3 42. b4 f6 43. h4 Kg6 44. Kf4 Ra2 45. Ra5 Rxg2 46. Rxa6 Rh2 47. Kg3 Rc2 48. Rc6 Rb2 49. Rc5 Rb3 50. b5 Kh6 51. c4 1-0